000 00440nam a2200169Ia 4500
005 20240925061417.0
008 240331s9999 xx 000 0 und d
020 _a0861320743
082 _bEis
_a791
100 _aEisenstein, S.M
245 0 _aOn the composition of the short fiction scenario-
260 _aCalcutta
_bSeagull books
_c1984
300 _a61 p .,
650 _aSoviet filmmakers
650 _aSoviet citizens
942 _cL
999 _c3069
_d3069